La Participación de la CEE en los Acuerdos internacionales y la actitud de los países del COMECON

Uloženo v:
Podrobná bibliografie
Hlavní autor: Toledano-Laredo, Armando
Korporativní autor: ICAP
Médium: Text
Vydáno: San José: ICAP
Tagy: Přidat tag
Žádné tagy, Buďte první, kdo vytvoří štítek k tomuto záznamu!

MARC

LEADER 00000 a a2200000 04500
001 23253
003
040
090 |a 160900  
100 |a Toledano-Laredo, Armando  
110 |a ICAP  
245 |a La Participación de la CEE en los Acuerdos internacionales y la actitud de los países del COMECON  
260 |a San José:   |b ICAP  
300 |a 28 p  
999 |c 4105  |d 4105